Residential broadband : (Record no. 33311)

MARC details
000 -LEADER
fixed length control field 01326cam a2200301 a 4500
005 - DATE AND TIME OF LATEST TRANSACTION
control field 20230827113301.0
008 - FIXED-LENGTH DATA ELEMENTS--GENERAL INFORMATION
fixed length control field 980701s1999 nyua b 001 0 eng
010 ## - LIBRARY OF CONGRESS CONTROL NUMBER
LC control number 98029310
020 ## - INTERNATIONAL STANDARD BOOK NUMBER
ISBN 0471251658 (pbk. : alk. paper)
040 ## - CATALOGING SOURCE
Original cataloging agency DLC
Transcribing agency DLC
Modifying agency DLC
043 ## - GEOGRAPHIC AREA CODE
Geographic area code n-us---
050 00 - LIBRARY OF CONGRESS CALL NUMBER
Classification number HE8700.72.U6
Item number M39 1999
082 00 - DEWEY DECIMAL CLASSIFICATION NUMBER
Classification number 004.6/6
Edition number 21
Item number MAX-R
100 1# - MAIN ENTRY--AUTHOR
Author Name Maxwell, Kim,
Dates associated with a name 1940-
245 10 - TITLE STATEMENT
Title Residential broadband :
Remainder of title an insider's guide to the battle for the last mile /
Statement of responsibility, etc. Kim Maxwell.
260 ## - PUBLICATION, DISTRIBUTION, ETC.
Place of Publication New York :
Name of publisher, distributor, etc. Wiley Computer Publishing,
Date of publication, distribution, etc. c1999.
300 ## - PHYSICAL DESCRIPTION
Pages ix, 390 p. :
500 ## - GENERAL NOTE
General note Include Index
504 ## - BIBLIOGRAPHY, ETC. NOTE
Bibliography, etc. note Includes bibliographical references (p. 376-378) and index.
650 #0 - SUBJECT ADDED ENTRY--TOPICAL TERM
Subject / Department Cable television
Geographic subdivision United States.
650 #0 - SUBJECT ADDED ENTRY--TOPICAL TERM
Subject / Department Broadband communication systems
Geographic subdivision United States.
300 ## - PHYSICAL DESCRIPTION
-- ill. ;
-- 24 cm.
856 42 -
-- Contributor biographical information
-- http://www.loc.gov/catdir/bios/wiley041/98029310.html
856 42 -
-- Publisher description
-- http://www.loc.gov/catdir/description/wiley033/98029310.html
856 4# -
-- Table of Contents
-- http://www.loc.gov/catdir/toc/onix04/98029310.html
906 ## - LOCAL DATA ELEMENT F, LDF (RLIN)
a 7
b cbc
c orignew
d 1
e ocip
f 19
g y-gencatlg
952 ## - LOCATION AND ITEM INFORMATION (KOHA)
-- 0
-- 0
Holdings
Lost status Damaged status Permanent Location Current Location Shelving Location Date acquired Full Call Number Accession No./Barcode Date last seen item type
    Superior Information Resource Center (SIRC) Superior University- Gold Campus Superior Information Resource Center (SIRC) Superior University- Gold Campus Social Media 08/27/2023 004.6 MAX-R 1999 19709 08/27/2023 BOOK

Powered by Koha